[Event "Vlissingen HZ op 24th"]
[Site "Vlissingen"]
[Date "2022.08.10"]
[Round "6"]
[White "Bruil, Rembrandt"]
[Black "Ackermann, Frank"]
[Result "1-0"]
[WhiteElo "2230"]
[BlackElo "2012"]
[PlyCount "95"]
[EventDate "2022.08.06"]
[EventType "swiss"]
[EventRounds "9"]
[EventCountry "NED"]
[SourceTitle "CBM 209 Extra"]
[Source "ChessBase"]
[SourceDate "2022.09.30"]
[SourceVersion "1"]
[SourceVersionDate "2022.09.30"]
[SourceQuality "1"]

1. Nf3 Nf6 2. e3 e6 3. c4 c5 4. d4 b6 5. Nc3 Be7 6. d5 d6 7. e4 0-0 8. Be2 exd5 9. exd5 Bf5 10. Nh4 Bc8 11. 0-0 Re8 12. Re1 Bf8 13. Bd3 Rxe1+ 14. Qxe1 Nbd7 15. Nf3 Qe7 16. Bf4 Nh5 17. Bg5 f6 18. Bd2 Ne5 19. Nxe5 fxe5 20. Qe4 g6 21. Re1 Qf7 22. g3 Bd7 23. Qe2 Re8 24. f3 Nf6 25. Kg2 Bg7 26. Be4 Qf8 27. Qe3 Kh8 28. g4 Ng8 29. h4 Qf7 30. Rh1 Bh6 31. g5 Bg7 32. h5 Bf5 33. hxg6 Bxg6 34. Bxg6 Qxg6 35. Qe4 Ne7 36. Nb5 Rd8 37. Nxa7 Ra8 38. Nb5 Rxa2 39. Bc1 Kg8 40. Qxg6 Nxg6 41. Nxd6 Nf4+ 42. Bxf4 exf4 43. Rb1 Bxb2 44. Kh3 Kf8 45. Kg4 Be5 46. Rxb6 Bxd6 47. Rxd6 Rc2 48. Rf6+ 1-0

[Event "Amsterdam Science Park op-A"]
[Site "Amsterdam"]
[Date "2022.07.24"]
[Round "7"]
[White "Bruil, Rembrandt"]
[Black "Van Baar, Esper"]
[Result "1-0"]
[WhiteElo "2204"]
[BlackElo "2281"]
[PlyCount "81"]
[EventDate "2022.07.18"]
[EventType "swiss"]
[EventRounds "7"]
[EventCountry "NED"]
[SourceTitle "CBM 209 Extra"]
[Source "ChessBase"]
[SourceDate "2022.09.30"]
[SourceVersion "1"]
[SourceVersionDate "2022.09.30"]
[SourceQuality "1"]

1. d4 Nf6 2. Nf3 e6 3. g3 b5 4. Bg2 Bb7 5. 0-0 c5 6. c3 Be7 7. Nbd2 d5 8. dxc5 Bxc5 9. Nb3 Be7 10. Nbd4 a6 11. a4 b4 12. cxb4 Bxb4 13. Bd2 Qe7 14. Bxb4 Qxb4 15. Qb3 a5 16. Qxb4 axb4 17. Rfc1 Na6 18. e3 Nd7 19. Bf1 Ndc5 20. Ne5 f6 21. Bxa6 Nxa6 22. Nd3 Kd7 23. Nc5+ Nxc5 24. Rxc5 e5 25. Rb5 Rab8 26. Nc2 b3 27. Rxb3 Ba6 28. Raa3 Bc4 29. Rxb8 Rxb8 30. b4 d4 31. exd4 exd4 32. b5 d3 33. Ne3 d2 34. Rc3 Rc8 35. Rc2 Bb3 36. Rxd2+ Ke6 37. a5 Rc1+ 38. Kg2 Rc5 39. Rb2 Rxb5 40. a6 Bc4 41. Nxc4 1-0

[Event "Amsterdam Science Park op-A"]
[Site "Amsterdam"]
[Date "2022.07.23"]
[Round "6"]
[White "Bosboom, Manuel"]
[Black "Bruil, Rembrandt"]
[Result "1/2-1/2"]
[WhiteElo "2381"]
[BlackElo "2204"]
[PlyCount "52"]
[EventDate "2022.07.18"]
[EventType "swiss"]
[EventRounds "7"]
[EventCountry "NED"]
[SourceTitle "CBM 209 Extra"]
[Source "ChessBase"]
[SourceDate "2022.09.30"]
[SourceVersion "1"]
[SourceVersionDate "2022.09.30"]
[SourceQuality "1"]

1. Nf3 Nf6 2. g3 d5 3. Bg2 e6 4. 0-0 Be7 5. d3 c5 6. Nbd2 Nc6 7. e4 b6 8. Re1 Bb7 9. c3 h6 10. a3 0-0 11. e5 Nh7 12. h4 b5 13. Nh2 a5 14. Ng4 b4 15. Nf1 Kh8 16. Nfh2 bxc3 17. bxc3 Ba6 18. c4 Rc8 19. cxd5 exd5 20. Rb1 Nd4 21. Ne3 c4 22. dxc4 dxc4 23. Nd5 Bc5 24. Be4 f5 25. Bg2 Ne6 26. Bd2 Bd4 1/2-1/2

[Event "Eindhoven WLC op 12th"]
[Site "Eindhoven"]
[Date "2022.05.13"]
[Round "1"]
[White "Bruil, Rembrandt"]
[Black "Verhoeven, Robin"]
[Result "1/2-1/2"]
[WhiteElo "2122"]
[BlackElo "1946"]
[PlyCount "78"]
[EventDate "2022.05.13"]
[EventType "swiss"]
[EventRounds "6"]
[EventCountry "NED"]
[SourceTitle "CBM 208 Extra"]
[Source "ChessBase"]
[SourceDate "2022.07.31"]
[SourceVersion "1"]
[SourceVersionDate "2022.07.31"]
[SourceQuality "1"]

1. d4 f5 2. Nc3 Nf6 3. Bg5 c6 4. Bxf6 exf6 5. e3 d5 6. Bd3 Bd6 7. h4 h5 8. Qf3 g6 9. Nge2 Be6 10. Nf4 Bf7 11. 0-0-0 Nd7 12. Rdg1 Qa5 13. Qd1 0-0-0 14. Kb1 Kb8 15. Nfe2 b5 16. Nc1 Rhe8 17. g3 Qc7 18. N3e2 a5 19. Qd2 Re7 20. Rd1 Qa7 21. c3 Nb6 22. Qc2 Rb7 23. Ka1 Nc4 24. Nb3 Ka8 25. Rb1 Rdb8 26. Nd2 b4 27. cxb4 axb4 28. b3 Na3 29. Qxc6 Nxb1 30. Rxb1 Qb6 31. Rc1 Qxc6 32. Rxc6 Rb6 33. Rc1 Kb7 34. Kb2 Rc8 35. Rd1 Rbc6 36. Nf3 Kb6 37. Nf4 R6c7 38. Bb1 Bxf4 39. gxf4 Rc3 1/2-1/2

[Event "NED-ch U18"]
[Site "Almelo"]
[Date "2021.08.03"]
[Round "3"]
[White "Bruil, Rembrandt"]
[Black "Elgersma, Onno"]
[Result "1-0"]
[WhiteElo "2105"]
[BlackElo "2292"]
[PlyCount "115"]
[EventDate "2021.08.01"]
[EventType "swiss"]
[EventRounds "7"]
[EventCountry "NED"]
[SourceTitle "CBM 203 Extra"]
[Source "ChessBase"]
[SourceDate "2021.09.30"]
[SourceVersion "1"]
[SourceVersionDate "2021.09.30"]
[SourceQuality "1"]

1. d4 Nf6 2. c4 e6 3. Nf3 d5 4. Nc3 c5 5. cxd5 exd5 6. g3 Nc6 7. Bg2 cxd4 8. Nxd4 Bc5 9. Nxc6 bxc6 10. 0-0 0-0 11. Na4 Bb6 12. Qc2 Bd7 13. Nc5 Bg4 14. Re1 Re8 15. b4 a5 16. Nb7 Qc7 17. Nxa5 Bxa5 18. bxa5 Qxa5 19. Bb2 Qa4 20. Qd2 Re6 21. Rab1 Bf5 22. Rbc1 Rae8 23. a3 h6 24. e3 Ne4 25. Bxe4 Bxe4 26. Qd4 Qxd4 27. Bxd4 Ra8 28. Bc5 Ra4 29. Rc3 Re8 30. Bb4 Rc8 31. Rec1 Ra6 32. Kf1 Bf3 33. Ke1 f6 34. Bc5 Ra4 35. Bb4 Ra6 36. Bc5 Re8 37. Rb1 Kh7 38. Bd4 Kg6 39. Rb6 Ra4 40. Kd2 Rea8 41. Bc5 Rc4 42. Rxc4 dxc4 43. Kc3 Bd5 44. Rb7 Ra5 45. Bb4 Rb5 46. Rc7 Kf5 47. a4 Rb8 48. a5 Ra8 49. Rxg7 Ke4 50. Rg4+ Ke5 51. Rd4 f5 52. Rh4 h5 53. Rxh5 c5 54. Bxc5 Rxa5 55. Bd4+ Ke4 56. f3+ Kxf3 57. Rxf5+ Ke2 58. Kb4 1-0

[Event "EU-ch Online U2300 Final"]
[Site "Chess.com INT"]
[Date "2020.05.26"]
[Round "7"]
[White "Bruil, Rembrandt"]
[Black "Droin, Augustin"]
[Result "1/2-1/2"]
[WhiteElo "2105"]
[BlackElo "2313"]
[PlyCount "137"]
[EventDate "2020.05.26"]
[EventType "swiss"]
[EventRounds "8"]
[EventCountry "NET"]
[SourceTitle "CBM 196 Extra"]
[Source "ChessBase"]
[SourceDate "2020.07.31"]
[SourceVersion "1"]
[SourceVersionDate "2020.07.31"]
[SourceQuality "1"]

1. g3 e5 2. Bg2 d5 3. d3 Nf6 4. Nf3 Bd6 5. 0-0 0-0 6. Bg5 Nbd7 7. Nbd2 h6 8. Bxf6 Nxf6 9. e4 c6 10. c3 dxe4 11. dxe4 Be6 12. Qe2 b5 13. a4 a6 14. Rfd1 Qb6 15. Nf1 Rfd8 16. axb5 cxb5 17. Ne3 Nxe4 18. Nxe5 Bxe5 19. Bxe4 Rxd1+ 20. Rxd1 Rd8 21. Nd5 Qc5 22. Nb4 Rxd1+ 23. Qxd1 a5 24. Qd8+ Qf8 25. Qxa5 Bc4 26. Bd5 Be2 27. Qa7 Bd6 28. Nc6 Qe8 29. Qe3 Qxe3 30. fxe3 Bg4 31. Nd4 b4 32. c4 Kf8 33. Kf2 Ke7 34. Nb3 Be5 35. Nd4 Kd6 36. Ke1 Kc5 37. Nb3+ Kd6 38. Nd4 Kc5 39. Nb3+ Kd6 40. Bxf7 Bxb2 41. c5+ Kc6 42. Be8+ Kd5 43. Bf7+ Ke4 44. Nd2+ Kd3 45. Bg6+ Kc3 46. c6 b3 47. Bf7 Bc1 48. Nxb3 Bxe3 49. c7 Bb6 50. Nd2 Bxc7 51. Ne4+ Kd4 52. Nf2 Bf3 53. Kf1 Ke3 54. Bc4 g5 55. Kg1 Bb6 56. Kf1 Kd2 57. Bb5 h5 58. Bc4 g4 59. Bb5 Bc7 60. Kg1 Ke3 61. Nd3 Bb6 62. Nf4 h4 63. Ng2+ Kd2+ 64. Kf1 h3 65. Nf4 Be3 66. Be2 Bxf4 67. Bxf3 Bxg3 68. Bxg4 Bxh2 69. Bxh3 1/2-1/2

[Event "EU-ch Online U2300 Final"]
[Site "Chess.com INT"]
[Date "2020.05.26"]
[Round "8"]
[White "Bruil, Rembrandt"]
[Black "Skatchkov, Valery"]
[Result "0-1"]
[WhiteElo "2105"]
[BlackElo "2242"]
[PlyCount "64"]
[EventDate "2020.05.26"]
[EventType "swiss"]
[EventRounds "8"]
[EventCountry "NET"]
[SourceTitle "CBM 196 Extra"]
[Source "ChessBase"]
[SourceDate "2020.07.31"]
[SourceVersion "1"]
[SourceVersionDate "2020.07.31"]
[SourceQuality "1"]

1. d4 Nf6 2. Nf3 e6 3. Bg5 h6 4. Bxf6 Qxf6 5. e4 d6 6. Nc3 Nd7 7. Qd2 g6 8. 0-0-0 Bg7 9. h4 a6 10. e5 Qe7 11. exd6 cxd6 12. Bd3 0-0 13. Ne4 Nf6 14. Rde1 b5 15. h5 Nxh5 16. g4 Nf6 17. g5 hxg5 18. Nexg5 Bb7 19. Qf4 Nh5 20. Rxh5 gxh5 21. Rh1 Qf6 22. Qg3 Rfe8 23. Rxh5 e5 24. Nh7 Qf4+ 25. Qxf4 exf4 26. Nh4 Be4 27. Bxe4 Rxe4 28. c3 Rae8 29. Ng5 Re1+ 30. Kc2 R1e2+ 31. Kb3 Rxf2 32. Nhf3 f6 0-1

[Event "EU-ch Online U2300 Qual"]
[Site "Chess.com INT"]
[Date "2020.05.25"]
[Round "6"]
[White "Bruil, Rembrandt"]
[Black "Ghimpu, Samuel Timotei"]
[Result "1-0"]
[WhiteElo "2105"]
[BlackElo "2302"]
[PlyCount "70"]
[EventDate "2020.05.25"]
[EventType "swiss"]
[EventRounds "8"]
[EventCountry "NET"]
[SourceTitle "EXT 2021"]
[Source "ChessBase"]
[SourceDate "2020.10.23"]
[SourceVersion "1"]
[SourceVersionDate "2020.10.23"]
[SourceQuality "1"]

1. g3 Nf6 2. Bg2 d5 3. d3 e5 4. c3 Bd6 5. Bg5 c6 6. Nd2 h6 7. Bxf6 Qxf6 8. Ngf3 0-0 9. 0-0 Nd7 10. e4 Nb6 11. Re1 Re8 12. a4 Be6 13. d4 Bg4 14. Qc2 exd4 15. cxd4 Bxf3 16. e5 Qg6 17. Qxg6 fxg6 18. Nxf3 Bb4 19. Rec1 a5 20. Bf1 Nd7 21. Bd3 Kf7 22. Nh4 Nf8 23. f4 Bd2 24. Rd1 Be3+ 25. Kg2 g5 26. Nf5 gxf4 27. Nd6+ Ke7 28. Nxe8 Rxe8 29. gxf4 Bxf4 30. b4 Ne6 31. bxa5 Ra8 32. Rab1 Nxd4 33. Rxb7+ Ke6 34. a6 Bxe5 35. Rdb1 Bc7 1-0

[Event "Groningen op 57th"]
[Site "Groningen"]
[Date "2019.12.26"]
[Round "5"]
[White "Bruil, Rembrandt"]
[Black "Haan, Gertjan"]
[Result "1/2-1/2"]
[WhiteElo "2206"]
[BlackElo "1936"]
[PlyCount "119"]
[EventDate "2019.12.21"]
[EventType "swiss"]
[EventRounds "9"]
[EventCountry "NED"]
[SourceTitle "CBM 194 Extra"]
[Source "ChessBase"]
[SourceDate "2020.03.31"]
[SourceVersion "1"]
[SourceVersionDate "2020.03.31"]
[SourceQuality "1"]

1. d4 Nf6 2. Nf3 g6 3. g3 Bg7 4. Bg2 0-0 5. 0-0 d6 6. b3 e5 7. dxe5 dxe5 8. Ba3 Qxd1 9. Rxd1 Re8 10. Nc3 e4 11. Nd2 e3 12. fxe3 c6 13. Nc4 Na6 14. Rab1 Bf5 15. Rd2 Bh6 16. Nd1 Ng4 17. h3 Nxe3 18. Ndxe3 Rxe3 19. g4 Be6 20. Rbd1 Bxc4 21. Rd8+ Re8 22. Rxa8 Rxa8 23. bxc4 Be3+ 24. Kf1 Nc5 25. Bxc5 Bxc5 26. Rd7 Rb8 27. Rd3 Kf8 28. Ke1 Re8 29. h4 Re7 30. Kd2 Ke8 31. h5 Rd7 32. Bf3 Ke7 33. Kc3 Rxd3+ 34. cxd3 Ke6 35. d4 Be7 36. Kd3 Bg5 37. hxg6 hxg6 38. e4 f6 39. e5 fxe5 40. d5+ Kd6 41. dxc6 bxc6 42. Be4 c5 43. Bxg6 Ke6 44. Ke4 Bd2 45. Bf5+ Kf6 46. Kd5 Bb4 47. Kd6 Ba3 48. Kd5 Bb4 49. Bc8 a5 50. Bf5 Ba3 51. Kc6 Kg5 52. Kb5 Bb4 53. Kc6 e4 54. Bxe4 Kxg4 55. Kb5 Kf4 56. Bd5 Ke5 57. Ka4 Kd4 58. a3 Be1 59. Kb5 Bc3 60. a4 1/2-1/2

[Event "Groningen op 57th"]
[Site "Groningen"]
[Date "2019.12.23"]
[Round "3"]
[White "Bruil, Rembrandt"]
[Black "Albers, Sasa"]
[Result "1/2-1/2"]
[WhiteElo "2206"]
[BlackElo "1997"]
[PlyCount "23"]
[EventDate "2019.12.21"]
[EventType "swiss"]
[EventRounds "9"]
[EventCountry "NED"]
[SourceTitle "CBM 194 Extra"]
[Source "ChessBase"]
[SourceDate "2020.03.31"]
[SourceVersion "1"]
[SourceVersionDate "2020.03.31"]
[SourceQuality "1"]

1. d4 Nf6 2. Nf3 e6 3. Bg5 h6 4. Bh4 g5 5. Bg3 Bg7 6. Nbd2 0-0 7. e4 d6 8. c3 Nc6 9. Bd3 e5 10. dxe5 dxe5 11. Qe2 Nh5 12. 0-0-0 1/2-1/2

[Event "EU-ch U16 28th"]
[Site "Riga"]
[Date "2018.08.23"]
[Round "4"]
[White "Bruil, Rembrandt"]
[Black "Uibokant, Mathias Robert"]
[Result "1-0"]
[WhiteElo "2126"]
[BlackElo "1816"]
[PlyCount "87"]
[EventDate "2018.08.20"]
[EventType "swiss"]
[EventRounds "9"]
[EventCountry "LAT"]
[SourceTitle "CBM 186 Extra"]
[Source "ChessBase"]
[SourceDate "2018.08.24"]
[SourceVersion "1"]
[SourceVersionDate "2018.08.24"]
[SourceQuality "1"]

1. d4 e6 2. c4 Nf6 3. Nf3 b6 4. a3 Bb7 5. Nc3 d5 6. Bg5 Be7 7. e3 0-0 8. Rc1 h6 9. Bh4 Re8 10. cxd5 Nxd5 11. Nxd5 Bxd5 12. Bxe7 Qxe7 13. Bd3 Rc8 14. 0-0 Bb7 15. Qa4 c5 16. dxc5 Rxc5 17. Rxc5 bxc5 18. Ne5 f6 19. Ng6 Qd7 20. Qc2 Qc7 21. Nf4 Bd5 22. Bc4 Qc6 23. Rd1 Bxc4 24. Qxc4 Nd7 25. Qxe6+ Qxe6 26. Nxe6 Kf7 27. Nxg7 Ne5 28. Nf5 Rb8 29. Nd6+ Ke6 30. Rd2 Rg8 31. Kf1 Ng4 32. Kg1 Ne5 33. Kf1 Ng4 34. h3 Nh2+ 35. Ke2 Rxg2 36. Ne4 Rg1 37. Nxc5+ Kf5 38. Nd3 Kg5 39. Nf4 Kh4 40. Rd5 Rg5 41. Rd4 Rb5 42. b4 a5 43. a4 Rb8 44. Rd5 1-0

[Event "NED-ch U16"]
[Site "Assen"]
[Date "2018.05.02"]
[Round "4"]
[White "De Boer, Eelke"]
[Black "Bruil, Rembrandt"]
[Result "1-0"]
[WhiteElo "2318"]
[BlackElo "1998"]
[PlyCount "129"]
[EventDate "2018.04.29"]
[EventType "swiss"]
[EventRounds "7"]
[EventCountry "NED"]
[SourceTitle "CBM 184 Extra"]
[Source "ChessBase"]
[SourceDate "2018.06.28"]
[SourceVersion "1"]
[SourceVersionDate "2018.06.28"]
[SourceQuality "1"]

1. e4 c5 2. Nf3 d6 3. d4 cxd4 4. Nxd4 Nf6 5. Nc3 a6 6. Bg5 Nbd7 7. Qe2 h6 8. Bh4 g6 9. f4 e5 10. fxe5 dxe5 11. 0-0-0 Qc7 12. Nb3 b5 13. Qf3 Bg7 14. g4 Bb7 15. a3 Rc8 16. Bd3 0-0 17. Kb1 Qb6 18. Be1 Qe6 19. h3 Rfd8 20. Ne2 Nb6 21. Ng3 Nc4 22. Bb4 Qb6 23. Rhf1 Rd7 24. Bxc4 Rxd1+ 25. Rxd1 Rxc4 26. Na5 Rd4 27. Rxd4 exd4 28. Nxb7 Qxb7 29. Qd3 Nd7 30. Ne2 Qb6 31. Qd2 Qf6 32. Qf4 Qe6 33. c3 d3 34. Nc1 Ne5 35. Bc5 Qc4 36. Bd4 d2 37. Qxd2 Nf3 38. Qd3 Nxd4 39. Qxc4 bxc4 40. cxd4 Bxd4 41. Ne2 Be5 42. Kc2 Kg7 43. Ng1 Kf6 44. Nf3 Ke6 45. Nd2 f5 46. exf5+ gxf5 47. Nxc4 Bf4 48. Kd3 fxg4 49. hxg4 Kf6 50. Ke4 Kg5 51. Kf3 Bc7 52. b4 Bd8 53. Nd6 Be7 54. Ne4+ Kh4 55. Kf4 Bf8 56. Kf5 Be7 57. Ke6 Bd8 58. Kf5 Bb6 59. a4 Be3 60. Nf6 Bd2 61. b5 axb5 62. axb5 Be3 63. Nd5 Ba7 64. b6 Bb8 65. b7 1-0

[Event "NED-ch U16"]
[Site "Assen"]
[Date "2018.04.30"]
[Round "2"]
[White "Van Randtwijk, Mick"]
[Black "Bruil, Rembrandt"]
[Result "0-1"]
[WhiteElo "1992"]
[BlackElo "1998"]
[PlyCount "76"]
[EventDate "2018.04.29"]
[EventType "swiss"]
[EventRounds "7"]
[EventCountry "NED"]
[SourceTitle "CBM 184 Extra"]
[Source "ChessBase"]
[SourceDate "2018.06.28"]
[SourceVersion "1"]
[SourceVersionDate "2018.06.28"]
[SourceQuality "1"]

1. e4 c5 2. Nf3 Nc6 3. d4 cxd4 4. Nxd4 g6 5. Nc3 Bg7 6. Be3 Nf6 7. Bc4 0-0 8. Bb3 Re8 9. 0-0 d6 10. h3 Na5 11. f4 a6 12. Qf3 b5 13. e5 Bb7 14. Qf2 Nxb3 15. axb3 Nd5 16. Nxd5 Bxd5 17. Rad1 e6 18. Nf3 Rc8 19. exd6 Qxd6 20. Ne5 Qc7 21. Rc1 b4 22. Nd3 Qb7 23. Nc5 Qc6 24. c4 bxc3 25. bxc3 Bf8 26. b4 Bc4 27. Rfd1 Red8 28. Qh4 Rxd1+ 29. Rxd1 Bd5 30. Qf2 Bg7 31. Rc1 Qb5 32. Qc2 Qc4 33. Qa4 a5 34. Qxa5 Bxc3 35. Qa6 Rxc5 36. Qxc4 Rxc4 37. b5 Bd4 38. Rxc4 Bxe3+ 0-1

[Event "EU-ch U14 27th"]
[Site "Mamaia"]
[Date "2017.09.11"]
[Round "6"]
[White "Bruil, Rembrandt"]
[Black "Easwaralingam, Adesh"]
[Result "1-0"]
[WhiteElo "2071"]
[BlackElo "1904"]
[PlyCount "73"]
[EventDate "2017.09.05"]
[EventType "swiss"]
[EventRounds "9"]
[EventCountry "ROU"]
[SourceTitle "CBM 180 Extra"]
[Source "ChessBase"]
[SourceDate "2017.10.06"]
[SourceVersion "1"]
[SourceVersionDate "2017.10.06"]
[SourceQuality "1"]

1. e4 d6 2. d4 g6 3. Nc3 Bg7 4. f4 a6 5. Nf3 b5 6. Bd3 Bb7 7. 0-0 Nf6 8. e5 Nd5 9. a4 bxa4 10. Nxd5 Bxd5 11. Be3 Bc6 12. c4 d5 13. f5 dxc4 14. Bxc4 Bb5 15. Bxf7+ Kxf7 16. Ng5+ Kg8 17. Rf2 a5 18. fxg6 hxg6 19. Qf3 Qe8 20. Qxa8 Na6 21. Qd5+ e6 22. Qxe6+ Qxe6 23. Nxe6 Bd7 24. Ng5 Bh6 25. Raf1 Be6 26. Bc1 Bc4 27. Re1 Kg7 28. e6 Re8 29. e7 Kg8 30. Ne4 Bg7 31. Bg5 Bxd4 32. Nf6+ Kf7 33. Nxe8+ Kxe8 34. Rd1 Bxf2+ 35. Kxf2 Bb5 36. Rd8+ Kf7 37. Rf8+ 1-0

[Event "EU-ch U14 27th"]
[Site "Mamaia"]
[Date "2017.09.09"]
[Round "5"]
[White "Vorisek, Jakub"]
[Black "Bruil, Rembrandt"]
[Result "1/2-1/2"]
[WhiteElo "1942"]
[BlackElo "2071"]
[PlyCount "119"]
[EventDate "2017.09.05"]
[EventType "swiss"]
[EventRounds "9"]
[EventCountry "ROU"]
[SourceTitle "CBM 180 Extra"]
[Source "ChessBase"]
[SourceDate "2017.10.06"]
[SourceVersion "1"]
[SourceVersionDate "2017.10.06"]
[SourceQuality "1"]

1. c4 e6 2. g3 d5 3. Bg2 Nf6 4. Nf3 Be7 5. 0-0 0-0 6. d3 c5 7. Nc3 Nc6 8. e4 d4 9. Ne2 e5 10. Ne1 Rb8 11. f4 b5 12. b3 Ng4 13. Nc2 Bf6 14. Rf3 Ne3 15. Bxe3 dxe3 16. f5 bxc4 17. dxc4 Qxd1+ 18. Rxd1 Nd4 19. Ncxd4 cxd4 20. Nc1 Rd8 21. Rff1 Be7 22. Rfe1 a5 23. Nd3 f6 24. Rb1 Ba6 25. Rec1 Bb4 26. Bf1 Rdc8 27. Nxb4 axb4 28. Bd3 g6 29. g4 h5 30. h3 hxg4 31. hxg4 gxf5 32. gxf5 Kf7 33. Kg2 Rc5 34. Kf3 Ra5 35. Rb2 Rh8 36. Rg1 Bb7 37. Rbg2 Rh3+ 38. Kg4 Rh7 39. Kf3 Rh3+ 40. Kg4 Rh7 41. Kf3 Ra8 42. Bb1 Rah8 43. Bd3 Rh3+ 44. Ke2 Rh2 45. c5 R8h4 46. Rxh2 Rxh2+ 47. Ke1 Rxa2 48. Bc4+ Ke8 49. Rg8+ Kd7 50. Rg7+ Kc8 51. Rg8+ Kc7 52. Rg7+ Kb8 53. Rg8+ Ka7 54. Rg7 Ra1+ 55. Ke2 Kb8 56. Rg8+ Ka7 57. Rg7 Ra2+ 58. Ke1 Kb8 59. Rg8+ Ka7 60. Rg7 1/2-1/2

[Event "EU-ch U14 27th"]
[Site "Mamaia"]
[Date "2017.09.08"]
[Round "4"]
[White "Bruil, Rembrandt"]
[Black "Olariu, Luca Stefan"]
[Result "0-1"]
[WhiteElo "2071"]
[BlackElo "1993"]
[PlyCount "70"]
[EventDate "2017.09.05"]
[EventType "swiss"]
[EventRounds "9"]
[EventCountry "ROU"]
[SourceTitle "CBM 180 Extra"]
[Source "ChessBase"]
[SourceDate "2017.10.06"]
[SourceVersion "1"]
[SourceVersionDate "2017.10.06"]
[SourceQuality "1"]

1. d4 Nf6 2. Bf4 g6 3. Nc3 d5 4. Qd2 Bg7 5. Bh6 0-0 6. Bxg7 Kxg7 7. 0-0-0 c6 8. f3 b5 9. g4 Nbd7 10. e4 b4 11. Nce2 dxe4 12. g5 Nh5 13. fxe4 e5 14. Qxb4 Qxg5+ 15. Kb1 Rb8 16. Qc3 Qf6 17. Bh3 exd4 18. Nxd4 c5 19. Nde2 Qxc3 20. Nxc3 Ndf6 21. Bxc8 Rfxc8 22. Nf3 Rd8 23. e5 Ng4 24. Ne4 c4 25. Rxd8 Rxd8 26. Re1 Nf4 27. Ned2 Nxh2 28. Nxh2 Rxd2 29. Nf3 Rf2 30. Nd4 h5 31. Rh1 h4 32. b3 cxb3 33. Rxh4 bxc2+ 34. Nxc2 Nd3 35. Ne3 Rb2+ 0-1

[Event "EU-ch U14 27th"]
[Site "Mamaia"]
[Date "2017.09.05"]
[Round "1"]
[White "Gheorghiu, Alexandru Dan"]
[Black "Bruil, Rembrandt"]
[Result "1/2-1/2"]
[WhiteElo "1679"]
[BlackElo "2071"]
[PlyCount "113"]
[EventDate "2017.09.05"]
[EventType "swiss"]
[EventRounds "9"]
[EventCountry "ROU"]
[SourceTitle "CBM 180 Extra"]
[Source "ChessBase"]
[SourceDate "2017.10.06"]
[SourceVersion "1"]
[SourceVersionDate "2017.10.06"]
[SourceQuality "1"]

1. e4 c5 2. c3 d5 3. exd5 Qxd5 4. d4 Nc6 5. Nf3 Bf5 6. Be3 cxd4 7. cxd4 Bxb1 8. Qxb1 e6 9. a3 Nf6 10. Bd3 Be7 11. 0-0 0-0 12. Qa2 Rfd8 13. Bc4 Qd6 14. Rad1 a6 15. Qb1 Rac8 16. Qd3 h6 17. Ba2 e5 18. Qb3 e4 19. Qxf7+ Kh8 20. Nh4 Ng4 21. Bf4 Qf6 22. Ng6+ Kh7 23. Nxe7 Nxe7 24. Qxf6 Nxf6 25. Bb1 Kg8 26. Be5 b5 27. Rfe1 Ned5 28. Kf1 Rf8 29. h3 Kh8 30. Bxf6 Nxf6 31. Bxe4 Rc4 32. Bb7 a5 33. Bf3 Rd8 34. d5 Ne8 35. Rc1 Nd6 36. b3 Rf4 37. Re3 a4 38. bxa4 Rxa4 39. Rc6 Nc4 40. Rc3 Nd2+ 41. Ke2 Nxf3 42. Kxf3 Rxd5 43. Rb6 Ra5 44. g4 Rd7 45. Kg3 Rda7 46. f3 Rxa3 47. Rc8+ Kh7 48. Rxb5 Rf7 49. Rf5 Rxf5 50. gxf5 Ra6 51. Re8 Rf6 52. Kg4 Rf7 53. Re6 Rf8 54. h4 Rf7 55. f6 gxf6 56. Kf5 Kg7 57. Re2 1/2-1/2

[Event "NED-ch U14"]
[Site "Assen"]
[Date "2017.04.25"]
[Round "4"]
[White "Bruil, Rembrandt"]
[Black "Elgersma, Onno"]
[Result "1-0"]
[WhiteElo "1963"]
[BlackElo "2026"]
[PlyCount "97"]
[EventDate "2017.04.23"]
[EventType "swiss"]
[EventRounds "9"]
[EventCountry "NED"]
[SourceTitle "CBM 178 Extra"]
[Source "ChessBase"]
[SourceDate "2017.06.22"]
[SourceVersion "1"]
[SourceVersionDate "2017.06.22"]
[SourceQuality "1"]

1. d4 Nf6 2. Bf4 e6 3. Nf3 c5 4. e3 Nc6 5. c3 b6 6. Nbd2 Bb7 7. Bd3 d5 8. Ne5 Bd6 9. h4 Qc7 10. Qf3 Nxe5 11. dxe5 Bxe5 12. Qg3 Nh5 13. Bb5+ Kf8 14. Bxe5 Nxg3 15. Bxc7 Nxh1 16. Bd6+ Kg8 17. f3 f6 18. Bh2 a6 19. Bd3 c4 20. Bc2 b5 21. Ke2 a5 22. Rxh1 Kf7 23. e4 g6 24. e5 f5 25. Bg1 Rhc8 26. Bd4 b4 27. f4 Ba6 28. Ke3 Rab8 29. h5 Rg8 30. hxg6+ hxg6 31. Nf3 Rg7 32. Ng5+ Ke7 33. Ba4 Bb5 34. Bxb5 Rxb5 35. Rh8 Kd7 36. Ra8 Re7 37. Ra7+ Ke8 38. Ra8+ Kd7 39. Ra6 bxc3 40. Bxc3 d4+ 41. Bxd4 Rd5 42. Nh7 Rb5 43. Nf8+ Ke8 44. Nxe6 Rd5 45. Ra8+ Kd7 46. Nc5+ Kc6 47. Ra6+ Kb5 48. a4+ Kb4 49. Rb6# 1-0

[Event "Korbach op 8th"]
[Site "Korbach"]
[Date "2016.10.22"]
[Round "5"]
[White "Bruil, Rembrandt"]
[Black "George, Tom"]
[Result "1/2-1/2"]
[WhiteElo "1986"]
[BlackElo "2149"]
[PlyCount "63"]
[EventDate "2016.10.20"]
[EventType "swiss"]
[EventRounds "7"]
[EventCountry "GER"]
[SourceTitle "CBM 175 Extra"]
[Source "ChessBase"]
[SourceDate "2016.12.12"]
[SourceVersion "1"]
[SourceVersionDate "2016.12.12"]
[SourceQuality "1"]

1. d4 Nf6 2. Nf3 e6 3. e3 c5 4. Be2 Nc6 5. 0-0 b6 6. c4 cxd4 7. Nxd4 Bb7 8. Nxc6 Bxc6 9. Bf3 Qc7 10. Bxc6 dxc6 11. Nd2 Bd6 12. Nf3 0-0-0 13. Qe2 Ne4 14. a3 g5 15. g3 c5 16. Nd2 Nxd2 17. Bxd2 h5 18. Bc3 Rh6 19. Qf3 g4 20. Qa8+ Kd7 21. Qg2 h4 22. f4 f5 23. Rad1 Qc6 24. Be5 Qxg2+ 25. Kxg2 Ke7 26. Rxd6 Rxd6 27. Bxd6+ Kxd6 28. Rd1+ Kc7 29. e4 h3+ 30. Kf2 Rh7 31. exf5 exf5 32. Rd5 1/2-1/2